STREES AND STRAIN IN METAL ROLLING (Record no. 584773)

000 -LEADER
fixed length control field 00304nam a22001217a 4500
082 ## - DEWEY DECIMAL CLASSIFICATION NUMBER
Classification number 621.39732 STR'S
100 ## - MAIN ENTRY--PERSONAL NAME
Personal name SIRK, W. U
9 (RLIN) 79778
245 ## - TITLE STATEMENT
Title STREES AND STRAIN IN METAL ROLLING
260 ## - PUBLICATION, DISTRIBUTION, ETC.
Place of publication, distribution, etc. MOSCOW
Name of publisher, distributor, etc. MIR
Date of publication, distribution, etc. 1967
300 ## - PHYSICAL DESCRIPTION
Extent 475P
650 ## - SUBJECT ADDED ENTRY--TOPICAL TERM
Topical term or geographic name entry element METAL ROLLING-STREES AND STRAIN
9 (RLIN) 79779
942 ## - ADDED ENTRY ELEMENTS (KOHA)
Koha item type Book
Holdings
Withdrawn status Lost status Damaged status Not for loan Permanent Location Current Location Shelving location Date acquired Total Checkouts Full call number Barcode Date last seen Price effective from Koha item type
        College of Electrical & Mechanical Engineering (CEME) College of Electrical & Mechanical Engineering (CEME) General Stacks 07/05/2017   621.39732 STR'S CEME-6253 06/28/2021 06/28/2021 Book
© 2023 Central Library, National University of Sciences and Technology. All Rights Reserved.